| 000 | 00429nam a2200145Ia 4500 | ||
|---|---|---|---|
| 008 | 230917s9999||||xx |||||||||||||| ||und|| | ||
| 040 |
_e169836 _aMAIN |
||
| 041 | _aEnglish | ||
| 082 | _a891.432741 MS687P | ||
| 100 | _aमिश्र, शिवसागर | ||
| 245 | 0 | _aपहिया समय का | |
| 260 |
_aदिल्ली _bसरस्वति प्रेस _c1980 |
||
| 300 | _a269 पृ. p. | ||
| 942 | _cHN | ||
| 999 |
_c36867 _d36867 |
||